000 00778nam a2200253Ia 4500
003 OSt
005 20220918214356.0
006 a|||||r|||| 00| 0
007 ta
008 220917b |||||||| |||| 00| 0 eng d
024 _a137,127
037 _cTextual
040 _aARTS
_cARTS
_beng
041 _2eng
_aeng
082 _aY:30aW.79171, L9
100 _aBaloyra Enrique A
_9131061
245 0 _aPolitical attitudes in Venezuela Societal cleavages and political opinion
260 _aAustin
_bUniversity of Texas Press
_c1979
300 _axix, 300p.
_ccm.
650 _aSOCIOLOGY; POLITICAL SCIENCE
_927410
700 _a Martx John D
_9131062
942 _hY:30aW.79171, L9
_cTEXL
_2CC
999 _c260214
_d260214